Vélemény a megye VI. ötéves tervjavaslatáról cselekvő támogatást adnak a szakszervezetek

Elmentve itt :
Bibliográfiai részletek
Dokumentumtípus: Cikk
Megjelent: 1981-01-30
Sorozat:Délmagyarország 71 No. 25
Kulcsszavak:Csongrád megye, Lakáspolitika lakásépítés Csongrád megye, Társadalmi szerveződés szakszervezet Csongrád megye
Online Access:http://dmarchiv.bibl.u-szeged.hu/86139
LEADER 00576nab a2200145 i 4500
001 delm86139
005 20190619142653.0
008 190619s1981 hu o 0|| hun d
040 |a SZTE Délmagyarország Archívum  |b hun 
041 |a hun 
245 0 0 |a Vélemény a megye VI. ötéves tervjavaslatáról   |h [elektronikus dokumentum] :  |b cselekvő támogatást adnak a szakszervezetek 
260 |c 1981-01-30 
300 |a 1 
490 0 |a Délmagyarország  |v 71 No. 25 
695 |a Csongrád megye, Lakáspolitika lakásépítés Csongrád megye, Társadalmi szerveződés szakszervezet Csongrád megye